000 00599nam a2200181Ia 4500
008 090201s9999 xx 000 0 und d
010 _aKPL-68901
040 _bमराठी
041 _aमराठी
082 _a47440
_b68901
100 _aग दि माडगूळकर
245 _aसोने आणि माती (रामबाग)
_cग दि माडगूळकर
250 _a2
260 _c2006
_bरसिक प्रकाशन
300 _a128
_bमध्यम
600 _aसोने आणि माती (रामबाग)
942 _cBOOK
999 _c244138
_d244138